Core clinical skills for OSCEs in medicine. -- 2nd ed. (Record no. 31161)

MARC details
000 -LEADER
fixed length control field 00822nam a2200217 a 4500
008 - FIXED-LENGTH DATA ELEMENTS--GENERAL INFORMATION
fixed length control field 120217s2006 ||||||||||||||||| || u
020 ## - INTERNATIONAL STANDARD BOOK NUMBER
International Standard Book Number 9780443101649
050 ## - LIBRARY OF CONGRESS CALL NUMBER
Classification number R 837.A2 Dor
100 ## - MAIN ENTRY--PERSONAL NAME
Personal name Dornan, Tim
245 10 - TITLE STATEMENT
Title Core clinical skills for OSCEs in medicine. -- 2nd ed.
Statement of responsibility, etc. by Tim Dornan and Paul O'Neill
250 ## - EDITION STATEMENT
Edition statement 2nd ed.
260 ## - PUBLICATION, DISTRIBUTION, ETC.
Place of publication, distribution, etc. Oxford:
Name of publisher, distributor, etc. Elsevier
Date of publication, distribution, etc. 2006
300 ## - PHYSICAL DESCRIPTION
Extent xvi, 369p.: ill.
350 ## -
-- 0.00
650 ## - SUBJECT ADDED ENTRY--TOPICAL TERM
Topical term or geographic name entry element CLINICAL MEDICINE--EXAMINATIONS, QUESTIONS, ETC
650 ## - SUBJECT ADDED ENTRY--TOPICAL TERM
Topical term or geographic name entry element CLINICAL MEDICINE--ABILITY TESTING
650 ## - SUBJECT ADDED ENTRY--TOPICAL TERM
Topical term or geographic name entry element CLINICAL COMPETENCE
650 ## - SUBJECT ADDED ENTRY--TOPICAL TERM
Topical term or geographic name entry element CLINICAL MEDICINE--METHODS
700 ## - ADDED ENTRY--PERSONAL NAME
Personal name O'Neill, Paul
995 ## -
-- MEDICAL LIBRARY OPEN ACCESS
-- 901544
-- CBU-SCHOOL OF MEDICINE LIBRARY (Ndola)
-- 0.00
-- R 837.A2 Dor
-- 1
-- OUT
-- Jun 27, 2012
-- 901544
-- Medical Library Open Access Collection
999 ## -
-- 31161
-- 31161
Holdings
Withdrawn status Lost status Source of classification or shelving scheme Damaged status Not for loan Permanent Location Current Location Shelving location Date acquired Total Checkouts Full call number Barcode Checked out Date last seen Date last checked out Price effective from Koha item type
          CBU-SCHOOL OF MEDICINE LIBRARY, NDOLA. CBU-SCHOOL OF MEDICINE LIBRARY, NDOLA.   11/30/2022 3 R 837.A2 Dor 901544 03/23/2026 01/21/2026 01/21/2026 11/30/2022 MONOGRAPH